FC Porto, Benfica, Sporting or Braga players (2000-) - Statistics

General Stats
  • This quiz has been taken 14 times
  • The average score is 457 of 1193
Answer Stats
Ranking Player Positions Nationality Matches Goals (assists) Periods Clubs % Correct
686 Abdoulaye Ba CB 18 0 (0) 2012-2014
100%
42 Adrien Silva CM 199 36 (14) 2007-2009, 2012-2018
100%
197 Álvaro Pereira LB 99 2 (15) 2009-2012
100%
20 André Almeida RB 251 9 (38) 2011-2022
100%
556 André Gomes CM 28 2 (0) 2012-2014
100%
36 André Horta CM 209 8 (23) 2016-2017, 2019-2025
100%
1114 André Luis CB 1 0 (0) 2004-2005
100%
751 André Pereira ST 14 1 (1) 2017-2019
100%
384 André Silva ST 49 21 (10) 2015-2017
100%
157 António Silva CB 112 8 (3) 2022-2025
100%
290 Armando Sá RB 69 1 (6) 2001-2004
100%
511 Arthur Gomes LW 32 3 (2) 2022-2023
100%
1121 Bernardo Silva AM 1 0 (0) 2013-2014
100%
77 Bruno Alves CB 156 16 (9) 2005-2010
100%
499 Bruno Costa CM 33 0 (1) 2017-2019, 2021-2023
100%
168 Bruno Fernandes AM 108 51 (38) 2017-2020
100%
278 Cândido Costa RW 73 3 (3) 2000-2002, 2004-2006
100%
342 Carlos Fernandes LB 56 1 (4) 2005-2008
100%
250 Cédric Soares RB 81 2 (11) 2010-2011, 2012-2015
100%
58 Danilo Pereira CB 173 16 (7) 2015-2021
100%
846 Diego Costa ST 9 1 (1) 2006-2007
100%
59 Diogo Costa GK 172 0 (1) 2019-2025
100%
477 Diogo Jota ST 35 9 (7) 2016-2017
100%
573 Diogo Luís LB 26 0 (0) 2000-2002
100%
899 Éder Luís RW 7 1 (0) 2009-2010
100%
1173 Eduardo Simões CB 1 0 (0) 2002-2003
100%
732 Fábio Silva ST 15 1 (0) 2019-2020
100%
193 Fábio Vieira AM 100 14 (23) 2019-2021, 2024-2025
100%
1180 Francisco Silva GK 1 0 (0) 2023-2024
100%
404 Gedson Fernandes CM 46 1 (5) 2018-2019, 2021-2022
100%
801 Gelson Fernandes DM 11 0 (0) 2012-2013
100%
423 Hugo Almeida ST 43 5 (2) 2003-2006
100%
911 Hugo Vieira ST 6 0 (0) 2013-2014
100%
379 João Alves CM 50 5 (1) 2004-2007
100%
860 João Carvalho AM 8 0 (1) 2017-2018
100%
933 João Mendes LB 6 0 (1) 2021-2022, 2023-2024
100%
309 João Neves DM, CM 65 4 (3) 2022-2024
100%
16 João Pereira RB 277 10 (15) 2003-2005, 2007-2011, 2015-2016, 2020-2021
100%
760 João Simões CM 14 1 (1) 2024-2025
100%
1001 Joelson Fernandes LW 4 0 (0) 2019-2020
100%
515 Joe Mendes RB 32 1 (2) 2022-2025
100%
498 Jonathan Silva LB 33 2 (3) 2014-2015, 2017-2018
100%
114 Jorge Costa CB 133 7 (2) 2000-2005
100%
409 Jorge Luís LB 45 1 (3) 2003-2004, 2005-2007
100%
375 José Nunes CB 51 1 (1) 2004-2006
100%
662 José Sá GK 20 0 (0) 2016-2018
100%
1094 José Silva RB 1 0 (0) 2024-2025
100%
1 Luisão CB 454 36 (16) 2003-2018
100%
981 Luís Silva CM 4 0 (0) 2013-2014
100%
237 Manuel Fernandes AM 85 4 (4) 2003-2006
100%
1034 Manu Silva DM 3 0 (1) 2024-2025
100%
381 Mário Silva LB 50 1 (3) 2001-2004
100%
492 Martim Fernandes RB 34 0 (7) 2023-2025
100%
907 Mateus Fernandes CM 7 0 (0) 2022-2025
100%
247 Matheus Nunes CM 82 7 (7) 2019-2023
100%
661 Matheus Pereira AM 20 4 (3) 2015-2017
100%
3 Maxi Pereira RB 394 23 (60) 2007-2019
100%
717 Miguel Luís CM 16 2 (0) 2018-2020
100%
1061 Miguel Soares CM 2 0 (0) 2003-2004
100%
538 Nuno Espírito Santo GK 30 0 (0) 2002-2004, 2007-2009
100%
18 Nuno Gomes ST 265 83 (31) 2002-2012
100%
438 Nuno Mendes LB 40 1 (1) 2019-2022
100%
1051 Nuno Mendes CB 2 0 (0) 2002-2003
100%
607 Nuno Rocha CM 23 2 (3) 2002-2004
100%
704 Orlando Sá ST 17 2 (0) 2008-2010
100%
781 Paulo Almeida DM 12 0 (0) 2004-2005
100%
809 Paulo Costa RW 11 0 (0) 2001-2002
100%
608 Paulo Gomes DM 23 0 (0) 2001-2002
100%
440 Pedro Costa RB 39 0 (0) 2002-2007
100%
331 Pedro Mendes CM 60 2 (4) 2003-2004, 2009-2011
100%
789 Pedro Mendes ST 12 1 (0) 2019-2020
100%
1037 Pedro Mendes CB 3 0 (0) 2012-2013
100%
1136 Pedro Pereira RB 1 0 (0) 2016-2017
100%
1165 Pedro Pereira RW 1 0 (0) 2003-2004
100%
532 Pedro Silva RB 30 1 (3) 2007-2010
100%
21 Pepe CB 250 17 (9) 2004-2006, 2018-2024
100%
72 Pepê RW 159 18 (24) 2021-2025
100%
5 Rafa Silva CF 365 94 (82) 2013-2024
100%
225 Raúl Silva CB 88 12 (11) 2017-2022
100%
195 Ricardo Carvalho CB 100 4 (0) 2001-2004
100%
207 Ricardo Costa CB 93 5 (0) 2001-2007
100%
603 Ricardo Fernandes AM 24 2 (2) 2002-2004
100%
7 Ricardo Horta RW 342 113 (63) 2016-2025
100%
337 Ricardo Pereira RB 58 4 (8) 2013-2014, 2017-2018
100%
50 Ricardo Rocha CB 186 5 (3) 2000-2007
100%
635 Ricardo Silva CB 21 3 (0) 2000-2002
100%
998 Rodrigo Fernandes DM 4 0 (0) 2019-2020
100%
422 Rodrigo Gomes RM 43 1 (1) 2020-2023
100%
327 Roger Fernandes RW 61 9 (13) 2021-2022, 2023-2025
100%
271 Rúben Neves DM 77 3 (3) 2014-2017
100%
343 Rui Costa AM 56 5 (11) 2006-2008
100%
2 Rui Patrício GK 403 0 (2) 2006-2018
100%
679 Rui Silva GK 19 0 (0) 2024-2025
100%
1175 Samú Costa DM 1 0 (0) 2019-2020
100%
871 Samuel Soares GK 8 0 (0) 2022-2025
100%
985 Sérgio Nunes CB 4 0 (0) 2000-2001
100%
494 Silva ST 33 5 (2) 2003-2004, 2005-2006
100%
709 Tiago Gomes LB 16 0 (0) 2014-2015
100%
122 Tiago Mendes CM 127 24 (6) 2000-2004
100%
420 Tiago Sá GK 43 0 (0) 2018-2023
100%
153 Tiquinho Soares ST 113 50 (12) 2016-2020
100%
368 Tomás Costa DM 53 2 (4) 2008-2010
100%
1155 Tomás Silva RB 1 0 (0) 2020-2021
100%
983 Vaná Alves GK 4 0 (0) 2017-2019
100%
318 Vítor Carvalho DM 63 2 (1) 2023-2025
100%
870 Vítor Silva AM 8 0 (1) 2013-2014
100%
60 William Carvalho DM 170 10 (11) 2010-2011, 2013-2018
100%
834 William Gomes LW 9 0 (0) 2024-2025
100%
990 Zé Gomes ST 4 0 (0) 2016-2017
100%
301 Zé Luís ST 66 19 (6) 2012-2013, 2014-2015, 2019-2021
100%
46 Abel Ferreira RB 193 4 (14) 2004-2011
83%
296 Aderllan Santos CB 68 7 (0) 2012-2016
83%
1042 Afonso Moreira LW 3 0 (0) 2023-2025
83%
139 Alberto Rodríguez CB 118 3 (1) 2006-2012
83%
824 André Marques LB 10 0 (0) 2005-2006, 2009-2010
83%
229 André Martins CM 87 3 (8) 2011-2016
83%
176 André Pinto CB 107 4 (0) 2013-2019
83%
377 André Santos DM 51 3 (1) 2010-2012
83%
1161 Andrés Díaz RM 1 0 (0) 2007-2008
83%
1077 Andrés Fernández GK 2 0 (0) 2014-2015
83%
54 Ángel Di María RW 176 35 (47) 2007-2009, 2023-2025
83%
332 Artur Jorge CB 59 4 (0) 2000-2004
83%
626 Artur Jorge CB 22 0 (0) 2016-2017
83%
65 Beto CB 165 14 (3) 2000-2006
83%
431 Beto CM 41 1 (2) 2005-2007
83%
468 Beto GK 36 0 (0) 2009-2010, 2012-2013, 2016-2017
83%
41 Carlos Martins AM 199 15 (24) 2000-2001, 2002-2006, 2008-2010, 2012-2013
83%
148 Castro CM 115 6 (7) 2007-2008, 2010-2011, 2012-2013, 2020-2024
83%
951 César Martins CB 5 0 (0) 2014-2015
83%
915 Cláudio Ramos GK 6 0 (0) 2021-2025
83%
570 Cristiano Ronaldo ST 27 3 (6) 2002-2003
83%
115 Cristian Rodríguez LM 132 20 (16) 2007-2012
83%
277 Darwin Núñez ST 74 43 (15) 2020-2022
83%
169 David Luiz CB 108 5 (9) 2006-2011
83%
66 Deco AM 165 36 (78) 2000-2004
83%
1174 Diego Moreira LM 1 0 (0) 2021-2022
83%
1084 Dinis Pinto RB 2 0 (0) 2021-2023
83%
261 Diogo Gonçalves LW 79 2 (9) 2017-2018, 2020-2023
83%
1085 Diogo Pinto GK 2 0 (0) 2023-2024
83%
310 Éder ST 65 26 (9) 2012-2015
83%
396 Ederson GK 47 0 (1) 2015-2017
83%
500 Émerson Conceição LB 33 0 (0) 2011-2012
83%
632 Enzo Fernández CM 22 1 (7) 2022-2023
83%
194 Enzo Pérez DM 100 9 (17) 2011-2015
83%
380 Fábio Martins LW 50 6 (5) 2014-2015, 2017-2018, 2021-2022
83%
840 Filipe Gonçalves DM 9 0 (0) 2004-2006
83%
262 Francisco Conceição RW 79 8 (8) 2020-2021, 2023-2024
83%
1014 Francisco Ramos DM 3 0 (0) 2015-2016
83%
62 Francisco Trincão RW 167 39 (36) 2018-2019, 2022-2025
83%
259 Gabriel Pires DM 79 3 (5) 2018-2021
83%
146 Gelson Martins RW 115 21 (22) 2015-2018
83%
769 Gil Dias RW 13 1 (1) 2021-2022
83%
55 Gonçalo Inácio CB 176 15 (11) 2020-2025
83%
244 Gonçalo Ramos ST 83 34 (8) 2019-2023
83%
1190 Gustavo Marques CB 1 0 (0) 2023-2024
83%
26 Hélder Postiga ST 240 57 (25) 2001-2002, 2004-2012
83%
1012 Hélio Pinto CM 3 0 (0) 2003-2004
83%
96 Iker Casillas GK 145 0 (1) 2015-2019
83%
216 James Rodríguez AM 90 28 (37) 2010-2013
83%
175 Javi García DM 107 9 (3) 2009-2013
83%
502 João Félix CF 33 18 (10) 2018-2019
83%
533 João Ferreira RB 30 0 (2) 2020-2021, 2024-2025
83%
391 João Manuel Pinto CB 48 4 (1) 2001-2003
83%
1003 João Marques LW 4 0 (0) 2024-2025
83%
4 João Moutinho CM 389 33 (56) 2004-2012, 2023-2025
83%
56 João Pinto CF 175 33 (28) 2000-2003, 2006-2008
83%
1130 Jonathan Rodríguez ST 1 0 (0) 2014-2015
83%
1138 Jorge LB 1 0 (0) 2018-2019
83%
513 Jorge Luiz CB 32 0 (0) 2004-2005
83%
609 Jorge Ribeiro LB 23 1 (1) 2001-2002, 2008-2009
83%
1087 José Luis Fernández CM 2 0 (0) 2010-2011
83%
117 José Moreira GK 130 0 (0) 2001-2006, 2008-2011
83%
568 Jota LW 27 0 (2) 2018-2020
83%
1007 Leandro Santos RB 3 0 (0) 2024-2025
83%
191 Luis Díaz LW 100 33 (16) 2019-2022
83%
947 Luís Martins LB 5 0 (0) 2011-2012
83%
534 Manuel dos Santos LB 30 1 (1) 2004-2006
83%
483 Marco Ferreira RW 35 3 (1) 2002-2003, 2005-2006
83%
765 Marco Gonçalves GK 13 0 (0) 2001-2005
83%
61 Matheus Reis LB 168 3 (9) 2020-2025
83%
212 Matías Fernández AM 91 18 (13) 2009-2012
83%
177 Miguel Garcia RB 106 1 (3) 2003-2006, 2009-2011
83%
376 Miguel Lopes RB 51 1 (9) 2009-2010, 2011-2012, 2014-2015
83%
489 Nehuén Pérez CB 34 1 (2) 2024-2025
83%
1159 Ney Santos DM 1 0 (0) 2009-2010
83%
12 Nicolás Otamendi CB 304 19 (11) 2010-2013, 2020-2025
83%
1088 Nuno Félix DM 2 0 (0) 2024-2025
83%
68 Nuno Santos LB 163 28 (35) 2015-2016, 2020-2025
83%
1101 Nuno Santos GK 1 0 (0) 2002-2003
83%
476 Pablo Santos CB 35 2 (0) 2018-2020
83%
644 Paulinho Santos DM 21 1 (0) 2000-2003
83%
230 Paulo Ferreira RB 87 0 (4) 2002-2004
83%
80 Paulo Jorge CB 155 11 (1) 2002-2009
83%
680 Paulo Jorge RW 19 1 (2) 2006-2007
83%
949 Paulo Lopes GK 5 0 (0) 2013-2017
83%
104 Paulo Santos GK 140 0 (0) 2001-2002, 2004-2008
83%
64 Pedro Gonçalves LW 166 72 (50) 2020-2025
83%
1149 Pedro Marques ST 1 0 (0) 2018-2019
83%
1142 Pedro Ribeiro CB 1 0 (0) 2003-2004
83%
217 Pedro Santos RW 89 18 (17) 2014-2017
83%
1033 Pedro Santos CM 3 0 (0) 2022-2023
83%
279 Radamel Falcao ST 73 62 (14) 2009-2012
83%
407 Renan Ribeiro GK 46 0 (0) 2018-2020
83%
354 Ricardo Ferreira CB 55 3 (1) 2015-2018
83%
154 Ricardo Sá Pinto ST 113 18 (6) 2000-2006
83%
651 Roberto Fernández ST 21 1 (1) 2024-2025
83%
691 Rodrigo Conceição RB 18 0 (0) 2022-2023
83%
564 Rodrigo Mora AM 28 10 (4) 2024-2025
83%
1182 Rodrigo Mora ST 1 0 (0) 2011-2012
83%
874 Rodrigo Ribeiro ST 8 0 (0) 2021-2022, 2024-2025
83%
962 Romeu Ribeiro DM 5 0 (0) 2007-2008
83%
579 Ronaldo CB 26 1 (1) 2000-2001
83%
581 Rony Lopes RW 25 2 (0) 2023-2024
83%
75 Ruben Amorim CM 157 9 (12) 2008-2015
83%
156 Rúben Dias CB 112 11 (5) 2017-2021
83%
733 Rúben Ribeiro AM 15 0 (2) 2017-2018
83%
73 Rui Jorge LB 158 1 (9) 2000-2005
83%
10 Sebastián Coates CB 316 29 (7) 2015-2024
83%
810 Sérgio Conceição RW 11 0 (2) 2003-2004
83%
38 Simão LW 208 87 (50) 2001-2007
83%
364 Tiago Ferreira GK 53 0 (0) 2001-2002, 2006-2008, 2010-2012
83%
882 Tomás Pérez CM 7 0 (0) 2024-2025
83%
1115 Víctor García RB 1 0 (0) 2013-2014
83%
243 Viktor Gyökeres ST 83 79 (19) 2023-2025
83%
63 Vítor Baía GK 167 0 (1) 2001-2007
83%
745 Yuri Ribeiro LB 14 0 (0) 2018-2019, 2024-2025
83%
81 Abel Ruiz ST 155 25 (14) 2019-2024
67%
480 Adrián López ST 35 3 (3) 2014-2015, 2016-2017, 2018-2019
67%
256 Agustín Marchesín GK 81 0 (1) 2019-2021
67%
542 Alan Ruiz AM 29 6 (5) 2016-2018
67%
267 Alan Varela DM 78 2 (5) 2023-2025
67%
22 Alejandro Grimaldo LB 250 24 (62) 2015-2023
67%
723 Alex RB 15 0 (1) 2003-2004
67%
1005 Alexandre Brito DM 3 0 (0) 2024-2025
67%
867 Alfa Semedo DM 8 1 (0) 2018-2019
67%
307 Anderson CB 65 5 (0) 2005-2007
67%
643 Anderson CM 21 2 (5) 2005-2007
67%
755 Andrade DM 14 2 (0) 2006-2007
67%
288 André Cruz CB 70 7 (7) 2000-2002
67%
869 Antunes LB 8 0 (1) 2020-2021
67%
183 Bas Dost ST 103 81 (11) 2016-2020
67%
109 Bosingwa RB 137 3 (7) 2003-2008
67%
569 Bruno Rodrigues CB 27 1 (0) 2020-2023
67%
1191 Bruno Vale GK 1 0 (0) 2003-2004
67%
524 Bruno Varela GK 31 0 (0) 2017-2018
67%
180 Bryan Ruiz AM 104 16 (24) 2015-2018
67%
522 Carlos Lima AM 31 1 (0) 2001-2003
67%
74 César Peixoto LW 158 14 (16) 2002-2005, 2007-2011
67%
35 Custódio DM 211 16 (1) 2001-2002, 2003-2006, 2010-2015
67%
963 Dani LW 5 0 (0) 2000-2001
67%
134 Danilo CB 119 12 (14) 2011-2015
67%
319 Danilo Barbosa DM 62 6 (6) 2014-2015, 2016-2018
67%
265 David Carmo CB 78 1 (0) 2019-2024
67%
653 Deniz Gül ST 20 2 (0) 2024-2025
67%
879 Diego Rodrigues CM 8 0 (1) 2024-2025
67%
143 Dmitriy Alenichev CM 116 18 (17) 2000-2004
67%
295 Dyego Sousa ST 68 24 (9) 2017-2020
67%
453 Éder Militão CB 38 5 (4) 2018-2019
67%
1156 Edu ST 1 0 (0) 2021-2022
67%
174 Eduardo GK 107 0 (0) 2008-2009, 2011-2012, 2013-2014, 2019-2020
67%
604 Eduardo AM 23 4 (4) 2013-2014
67%
921 Eduardo AM 6 0 (1) 2018-2019
67%
330 Eduardo Quaresma CB 60 2 (0) 2019-2020, 2023-2025
67%
30 Eduardo Salvio RW 223 48 (47) 2010-2011, 2012-2019
67%
336 Fábio Cardoso CB 58 3 (2) 2021-2024
67%
162 Fábio Coentrão LB 111 6 (18) 2007-2008, 2009-2010, 2017-2018
67%
916 Felipe Anderson RW 6 0 (0) 2020-2021
67%
44 Fernando DM 195 2 (9) 2008-2014
67%
697 Fernando Andrade LW 17 1 (3) 2018-2019, 2021-2022
67%
628 Filipe Oliveira RW 22 0 (2) 2008-2010
67%
255 Francisco Moura LB 81 8 (12) 2020-2021, 2024-2025
67%
454 Franco Israel GK 38 0 (0) 2022-2025
67%
1018 Gabriel Barbosa ST 3 0 (0) 2017-2018
67%
471 Gabri Martínez LW 36 4 (2) 2024-2025
67%
297 Gonçalo Borges RW 68 2 (7) 2021-2025
67%
1089 Gonçalo Sousa RW 1 0 (0) 2023-2024
67%
942 Guilherme AM 5 1 (0) 2010-2011
67%
1083 Guilherme CB 2 0 (0) 2020-2022
67%
1187 Gustavo Varela ST 1 0 (0) 2023-2024
67%
215 Hélder Barbosa LW 90 15 (5) 2005-2006, 2007-2008, 2010-2013
67%
1124 Hélder Sousa AM 1 0 (0) 2002-2003
67%
13 Helton GK 303 0 (1) 2005-2016
67%
808 Henrique Araújo ST 11 4 (0) 2021-2023
67%
141 Jackson Martínez ST 117 80 (12) 2012-2015
67%
34 Jardel CB 213 13 (11) 2010-2021
67%
356 Jardel ST 55 59 (9) 2001-2003
67%
24 Jesús Corona RW 240 27 (55) 2015-2022
67%
552 João Carlos Teixeira AM 28 1 (3) 2016-2018
67%
29 João Mário LW 229 46 (38) 2011-2012, 2014-2016, 2020-2025
67%
94 João Mário RB 147 5 (18) 2019-2025
67%
106 João Palhinha DM 138 8 (3) 2016-2022
67%
753 João Pedro RB 14 2 (1) 2012-2013
67%
1111 João Teixeira CM 1 0 (0) 2014-2015
67%
172 João Tomás ST 107 48 (1) 2000-2001, 2004-2005, 2007-2008
67%
299 Jorge Andrade CB 68 3 (2) 2000-2002
67%
611 José Fonte CB 23 0 (0) 2023-2024
67%
276 Konstantinos Mitroglou ST 74 39 (8) 2015-2017
67%
827 Leandro Lima AM 10 0 (1) 2007-2008
67%
886 Léo Lima AM 7 0 (0) 2004-2005
67%
864 Léo Moura RB 8 0 (0) 2004-2005
67%
503 Licá LW 33 3 (5) 2013-2014
67%
17 Liedson ST 269 141 (36) 2003-2010, 2012-2013
67%
40 Lima ST 203 91 (37) 2010-2015
67%
1015 Lima ST 3 0 (0) 2004-2005
67%
112 Lisandro López ST 134 62 (22) 2005-2009
67%
435 Lisandro López CB 40 4 (2) 2014-2018
67%
33 Lucho González CM 214 52 (32) 2005-2008, 2011-2014
67%
397 Luís Andrade DM 47 0 (0) 2000-2003
67%
541 Luís Loureiro DM 29 2 (0) 2004-2006
67%
246 Luís Neto CB 82 0 (2) 2019-2024
67%
251 Luíz Carlos CM 81 1 (5) 2013-2016
67%
69 Maniche CM 162 24 (11) 2000-2001, 2002-2004, 2010-2011
67%
209 Mariano González RW 92 8 (12) 2007-2011
67%
664 Mario González ST 20 3 (3) 2021-2022
67%
1163 Martim Neto CM 1 0 (0) 2021-2022
67%
11 Matheus GK 310 0 (0) 2014-2025
67%
189 Matheus RW 101 12 (4) 2005-2011
67%
455 Maxi Araújo LM 38 4 (7) 2024-2025
67%
86 Mehdi Taremi ST 151 75 (47) 2020-2024
67%
334 Miklós Fehér ST 58 22 (4) 2000-2001, 2002-2004
67%
305 Moisés Moura CB 65 3 (1) 2008-2011
67%
71 Moussa Marega ST 159 61 (30) 2015-2016, 2017-2021
67%
645 Murilo de Souza RW 21 3 (1) 2018-2020
67%
203 Nélson RB 94 1 (14) 2005-2008
67%
353 Nélson GK 55 0 (0) 2000-2006
67%
580 Nélson RB 25 0 (0) 2000-2001
67%
736 Nélson Oliveira ST 15 1 (2) 2011-2012, 2014-2015
67%
361 Nélson Semedo RB 54 3 (8) 2015-2017
67%
27 Nico Gaitán AM 233 36 (74) 2010-2015, 2020-2021
67%
358 Nico González CM 55 8 (7) 2023-2025
67%
320 Nuno André Coelho CB 62 2 (2) 2009-2014
67%
43 Odysseas Vlachodimos GK 196 0 (0) 2018-2024
67%
128 Óliver Torres CM 122 12 (15) 2014-2015, 2016-2019
67%
28 Otávio AM 231 23 (59) 2016-2024
67%
447 Otávio CB 39 2 (2) 2023-2025
67%
102 Pablo Aimar AM 141 15 (38) 2008-2013
67%
25 Paulinho ST 240 85 (43) 2017-2024
67%
875 Paulinho RB 8 0 (1) 2016-2017
67%
1016 Paulinho AM 3 0 (0) 2017-2018
67%
51 Paulo Oliveira CB 186 3 (3) 2014-2016, 2021-2025
67%
76 Pedro Barbosa AM 157 23 (13) 2000-2005
67%
1029 Pedro Neto RW 3 1 (0) 2016-2018
67%
8 Quim GK 336 0 (1) 2000-2009, 2011-2013
67%
991 Rafael Leão LW 4 1 (1) 2017-2018
67%
1091 Rafael Nel ST 1 0 (0) 2023-2024
67%
800 Raúl de Tomás ST 11 1 (0) 2019-2020
67%
57 Raúl Meireles CM 173 16 (25) 2004-2010
67%
775 Renato Neto DM 12 1 (0) 2008-2009, 2011-2012
67%
416 Renato Sanches CM 44 2 (1) 2015-2016, 2024-2025
67%
89 Ricardo GK 150 0 (1) 2003-2007
67%
14 Ricardo Esgaio RB 286 8 (43) 2012-2013, 2014-2025
67%
19 Ricardo Quaresma RW 264 52 (69) 2001-2002, 2004-2007, 2013-2015
67%
322 Rodrigo Zalazar CM 62 10 (13) 2023-2025
67%
67 Rolando CB 163 11 (5) 2008-2012, 2019-2021
67%
395 Rúben Semedo CB 47 0 (0) 2015-2016, 2021-2022
67%
223 Rui Fonte ST 89 21 (7) 2015-2017, 2019-2022
67%
822 Rui Pedro AM 10 2 (0) 2016-2017
67%
485 Salvador Agra RW 34 4 (3) 2013-2015
67%
1072 Sandro Cruz LB 2 0 (0) 2021-2022
67%
120 Sérgio Oliveira CM 129 32 (15) 2015-2022
67%
687 Sousa RB 18 0 (0) 2000-2001
67%
562 Souza CB 28 0 (0) 2010-2012
67%
560 Stélvio Cruz DM 28 0 (1) 2007-2009
67%
136 Stephen Eustaquio CM 119 8 (9) 2021-2025
67%
1168 Tiago Esgaio RB 1 0 (0) 2021-2022
67%
369 Tiago Tomás ST 53 3 (3) 2019-2022
67%
338 Tomás Araújo CB 58 2 (2) 2021-2022, 2023-2025
67%
986 Tomás Martínez AM 4 0 (0) 2016-2017
67%
160 Toni Martínez ST 111 21 (5) 2020-2025
67%
47 Varela LW 192 39 (23) 2005-2006, 2009-2013, 2015-2017
67%
734 Vasco Sousa CM 15 0 (0) 2022-2023, 2024-2025
67%
982 Victor Andrade LW 4 0 (1) 2015-2016
67%
198 Víctor Gómez RB 98 0 (12) 2022-2025
67%
182 Vincent Aboubakar ST 103 49 (13) 2014-2015, 2017-2020
67%
347 Vitinha ST 56 19 (7) 2020-2023
67%
393 Vitinha CM 48 2 (4) 2019-2020, 2021-2022
67%
107 Wilson Eduardo LW 138 38 (20) 2013-2014, 2015-2020
67%
52 Yacine Brahimi LW 185 47 (35) 2014-2019
67%
478 Zé Carlos ST 35 9 (0) 2006-2007
67%
902 Zé Carlos RB 7 0 (1) 2020-2021
67%
460 Zé Pedro CB 37 2 (0) 2023-2025
67%
9 Alan RW 317 46 (51) 2005-2006, 2008-2017
50%
252 Albert Meyong ST 81 25 (3) 2008-2012
50%
152 Alex Sandro LB 114 3 (12) 2011-2016
50%
70 Alex Telles LB 161 23 (48) 2016-2021
50%
298 Álvaro Djaló LW 68 15 (10) 2022-2024
50%
15 Ânderson Polga CB 284 4 (4) 2003-2012
50%
383 Andraz Sporar ST 49 13 (3) 2019-2021
50%
78 André Carrillo CM 156 13 (34) 2011-2017
50%
814 André Felipe ST 10 1 (1) 2016-2017
50%
1082 André Paulo GK 2 0 (0) 2020-2022
50%
101 Antonio Adán GK 142 0 (2) 2020-2024
50%
84 Artur Moraes GK 152 0 (1) 2010-2015
50%
103 Baiano RB 141 2 (13) 2011-2017
50%
164 Benni McCarthy ST 109 54 (9) 2001-2002, 2003-2006
50%
1176 Bernardo Couto AM 1 0 (0) 2021-2022
50%
592 Bruno Aguiar CM 24 0 (1) 2004-2005
50%
119 Bruno César CM 129 23 (12) 2011-2012, 2015-2019
50%
589 Bruno Moraes ST 25 3 (3) 2003-2004, 2006-2007
50%
495 Carlos Alberto AM 33 3 (0) 2003-2005
50%
210 Carlos Paredes DM 92 2 (4) 2000-2001, 2006-2008
50%
465 Casemiro DM 36 4 (3) 2014-2015
50%
53 Castanheira CM 179 8 (11) 2000-2008
50%
650 Chermiti ST 21 3 (2) 2022-2023
50%
95 Costinha DM 147 16 (7) 2001-2005
50%
1004 Cristiano Figueiredo GK 3 0 (0) 2012-2014
50%
147 Daniel Bragança CM 115 9 (9) 2020-2021, 2023-2025
50%
135 Daniel Carriço CB 119 4 (2) 2008-2013
50%
738 Danny AM 14 0 (0) 2002-2003, 2004-2005
50%
1152 David Tavares CM 1 0 (0) 2019-2020
50%
333 Diego AM 59 6 (1) 2004-2006
50%
894 Diogo Dalot RB 7 0 (2) 2017-2018
50%
1184 Diogo Fonseca CB 1 0 (0) 2023-2024
50%
812 Domingos Paciência ST 11 3 (0) 2000-2001
50%
699 Edinho ST 17 1 (0) 2003-2004, 2013-2014
50%
554 Eric Dier CB 28 1 (4) 2012-2014
50%
124 Evaldo LB 126 4 (3) 2003-2004, 2008-2012
50%
127 Evanilson ST 124 42 (17) 2020-2025
50%
370 Fabiano RB 53 0 (2) 2019-2020, 2021-2023
50%
386 Fabiano GK 49 0 (0) 2012-2014, 2017-2018
50%
138 Felipe CB 118 8 (6) 2016-2019
50%
703 Felipe GK 17 0 (0) 2010-2011
50%
349 Felipe Pardo RW 56 14 (12) 2013-2015
50%
436 Fernando Aguiar DM 40 3 (0) 2001-2002, 2003-2004
50%
1137 Fernando Fonseca RB 1 0 (0) 2016-2017
50%
389 Fernando Meira CB 48 2 (2) 2000-2002
50%
820 Francisco Fonseca ST 10 1 (0) 2006-2007
50%
99 Franco Cervi LW 142 14 (19) 2016-2021
50%
126 Fredrik Aursnes CM 124 8 (21) 2022-2025
50%
32 Galeno LW 216 55 (38) 2017-2018, 2019-2025
50%
282 Geny Catamo RW 73 11 (7) 2021-2022, 2023-2025
50%
270 Gonçalo Guedes LW 77 9 (10) 2014-2016, 2022-2024
50%
780 Gonçalo Paciência ST 12 0 (1) 2014-2015, 2017-2018
50%
88 Haris Seferovic ST 150 62 (19) 2017-2022
50%
37 Héctor Herrera DM 208 32 (26) 2013-2019
50%
547 Hugo Leal CM 29 0 (6) 2004-2007
50%
39 Hugo Viana CM 204 25 (24) 2001-2002, 2004-2005, 2009-2013
50%
173 Islam Slimani ST 107 55 (15) 2013-2016, 2021-2022
50%
739 Ivan Cavaleiro LW 14 0 (1) 2013-2014
50%
537 Iván Fresneda RB 30 3 (0) 2023-2025
50%
31 Iván Marcano CB 217 25 (4) 2014-2017, 2019-2025
50%
306 Jeremiah St. Juste CB 65 1 (3) 2022-2025
50%
227 Jérémy Mathieu LB 87 7 (3) 2017-2020
50%
676 João Paulo CB 19 1 (0) 2002-2003, 2006-2008
50%
83 Jonas CF 153 114 (36) 2014-2019
50%
666 Jorge Sánchez RB 20 0 (2) 2023-2024
50%
414 Josué AM 45 8 (10) 2013-2014, 2015-2016
50%
758 Juan Antonio Pizzi ST 14 3 (0) 2000-2001
50%
936 Juan Iturbe RW 6 0 (0) 2011-2014
50%
291 Júlio César GK 69 0 (0) 2014-2018
50%
665 Júlio César CB 20 3 (0) 2001-2002
50%
720 Júlio César GK 16 0 (0) 2009-2011
50%
179 Konstantinos Katsouranis DM 105 11 (12) 2006-2009
50%
235 Leandro Salino DM 86 3 (5) 2010-2013
50%
241 Ljubinko Drulovic LW 84 11 (14) 2000-2003
50%
92 Ljubomir Fejsa DM 148 2 (0) 2013-2020
50%
529 Lourenço ST 30 5 (0) 2003-2004
50%
292 Luis Aguiar CM 69 15 (13) 2008-2011
50%
1079 Luís Alberto DM 2 0 (0) 2011-2012
50%
574 Luís Fabiano ST 26 3 (0) 2004-2005
50%
523 Luís Miguel RB 31 0 (0) 2000-2002
50%
614 Lukas Hornicek GK 23 0 (0) 2021-2022, 2024-2025
50%
108 Marcelo Goiano RB 137 3 (10) 2014-2019
50%
85 Márcio Mossoró AM 152 14 (19) 2008-2013
50%
1010 Marcos Paulo CM 3 0 (0) 2002-2003
50%
188 Marcus Edwards RW 101 19 (23) 2021-2025
50%
711 Mário Sérgio RB 16 0 (0) 2003-2005
50%
1090 Mauro Couto RW 1 0 (0) 2024-2025
50%
98 Miguel RB 143 13 (12) 2000-2005
50%
304 Miguel Layún RB 66 9 (21) 2015-2018
50%
1054 Mikel Agu DM 2 0 (0) 2013-2014
50%
129 Nani LW 122 29 (23) 2005-2006, 2014-2015, 2018-2019
50%
715 Nanu RB 16 0 (1) 2020-2021
50%
1192 Nuno Matos CB 1 0 (0) 2023-2024
50%
535 Nuno Tavares LB 30 1 (4) 2019-2021
50%
23 Óscar Cardozo ST 245 144 (30) 2007-2014
50%
213 Ousmane Diomande CB 91 6 (2) 2022-2025
50%
463 Pablo Sarabia RW 37 17 (9) 2021-2022
50%
145 Paulo César RW 115 17 (10) 2008-2013
50%
1023 Paulo Machado CM 3 0 (0) 2004-2005
50%
339 Paulo Sérgio RM 58 5 (0) 2003-2005
50%
1108 Paulo Sérgio RW 1 0 (0) 2004-2005
50%
1065 Pedro Espinha GK 2 0 (0) 2000-2001
50%
263 Pedro Porro RB 79 10 (13) 2020-2023
50%
1011 Pedro Roma GK 3 0 (0) 2001-2002
50%
49 Petit DM 187 13 (14) 2002-2008
50%
6 Pizzi AM 343 79 (81) 2011-2012, 2014-2024
50%
187 Raúl Jiménez ST 101 22 (13) 2015-2018
50%
1123 Ricardo Batista GK 1 0 (0) 2008-2009
50%
639 Ricardo Chaves DM 21 2 (0) 2006-2007
50%
785 Ricardo Nascimento AM 12 0 (2) 2001-2002
50%
280 Ricky van Wolfswinkel ST 73 35 (3) 2011-2013
50%
385 Riva LW 49 6 (1) 2000-2002
50%
199 Rodrigo ST 96 33 (15) 2011-2014
50%
743 Romain Salin GK 14 0 (0) 2018-2019
50%
171 Rúben Micael CM 108 15 (16) 2009-2015
50%
750 Rúben Vinagre LB 14 0 (1) 2021-2022
50%
93 Sequeira LB 147 1 (23) 2017-2023
50%
746 Sidney Moraes DM 14 0 (0) 2005-2006
50%
927 Thierry Correia RB 6 0 (0) 2018-2020
50%
504 Tiago DM 33 1 (1) 2002-2004
50%
731 Tiago Djaló CB 15 1 (0) 2024-2025
50%
617 Tobias Figueiredo CB 22 3 (0) 2014-2015, 2017-2018
50%
685 Tomás Tavares RB 19 0 (0) 2019-2020
50%
90 Tonel CB 149 13 (5) 2005-2010
50%
631 Ukra RW 22 4 (3) 2010-2012
50%
45 Vandinho CM 194 8 (3) 2004-2011
50%
403 Vangelis Pavlidis ST 46 26 (10) 2024-2025
50%
843 Vieirinha RB 9 0 (0) 2006-2007
50%
425 Willy Boly CB 42 2 (1) 2015-2017
50%
462 Yan Couto RB 37 1 (3) 2021-2022
50%
121 Yannick Djaló LW 128 25 (13) 2006-2012
50%
165 Zaidu LB 109 7 (1) 2020-2025
50%
445 Zeno Debast CB 39 1 (4) 2024-2025
50%
596 Adrián Marín LB 24 0 (2) 2023-2025
33%
880 Afonso Patrão ST 7 1 (1) 2024-2025
33%
517 Aloísio CB 32 2 (0) 2000-2001
33%
350 Álvaro Carreras LB 56 4 (4) 2023-2025
33%
242 Anatoliy Trubin GK 84 0 (0) 2023-2025
33%
79 Andreas Samaris DM 156 5 (9) 2014-2021
33%
344 André Franco AM 56 3 (3) 2022-2025
33%
142 Andrés Madrid DM 116 2 (6) 2004-2011
33%
1092 Ángelo Peña RW 1 0 (0) 2009-2010
33%
955 Anilton Júnior CB 5 0 (0) 2007-2008
33%
316 Arthur Cabral ST 63 10 (2) 2023-2025
33%
133 Barroso DM 119 27 (2) 2000-2005
33%
978 Bebé LW 4 0 (0) 2014-2015
33%
670 Bright Arrey-Mbi CB 20 0 (0) 2024-2025
33%
200 Bruma LW 96 24 (23) 2012-2013, 2022-2025
33%
657 Bruno Gama LW 20 1 (0) 2003-2004, 2006-2007
33%
640 Bruno Gaspar RB 21 1 (0) 2018-2019
33%
432 Bruno Tabata RW 41 4 (4) 2020-2022
33%
140 Bruno Viana CB 117 7 (4) 2017-2021
33%
903 Bruno Wilson CB 7 1 (0) 2016-2017, 2019-2020
33%
783 Bryan Cristante DM 12 0 (0) 2014-2016
33%
713 Cabral RB 16 0 (0) 2001-2003
33%
892 Caio Lucas LW 7 1 (0) 2019-2020
33%
130 Capucho RW 121 17 (24) 2000-2003
33%
1063 Carraça RB 2 0 (0) 2020-2021
33%
567 Chaínho CM 27 1 (1) 2000-2001
33%
159 Chancel Mbemba CB 111 5 (1) 2018-2022
33%
792 Cher Ndour CM 12 1 (0) 2022-2024
33%
161 Chiquinho AM 111 5 (7) 2019-2024
33%
1019 Chiquinho ST 3 0 (0) 2000-2001
33%
706 Chissumba LB 17 0 (1) 2024-2025
33%
163 Cristián Borja LB 111 3 (6) 2018-2020, 2022-2024
33%
565 Cristiano CB 27 1 (0) 2002-2004
33%
952 Cristiano LW 5 0 (0) 2010-2011
33%
583 Daniel Podence AM 25 0 (7) 2016-2018
33%
245 Danny Namaso ST 82 9 (7) 2021-2025
33%
111 Derlei ST 135 46 (21) 2002-2004, 2006-2009
33%
726 Dimas LB 15 2 (0) 2000-2002
33%
887 Diogo Figueiras RB 7 0 (1) 2017-2019
33%
308 Diogo Leite CB 65 2 (0) 2018-2022
33%
837 Diogo Valente LW 9 0 (0) 2006-2007, 2009-2010
33%
905 Diogo Viana RW 7 0 (0) 2019-2020
33%
932 Emídio Rafael LB 6 0 (0) 2010-2011, 2012-2013
33%
367 Emiliano Insúa LB 53 4 (9) 2011-2013
33%
974 Emílio Peixe DM 4 0 (0) 2000-2001, 2002-2003
33%
273 Everton LW 76 11 (16) 2020-2022
33%
1048 Ezequias Melo LB 2 0 (0) 2006-2007
33%
222 Fábio Rochemback CM 89 12 (8) 2003-2005, 2008-2010
33%
1024 Fellipe Bastos CM 3 1 (0) 2008-2009
33%
100 Florentino DM 142 3 (5) 2018-2019, 2022-2025
33%
641 Fran Navarro ST 21 4 (1) 2023-2025
33%
144 Fransérgio CM 115 19 (13) 2017-2022
33%
326 Georgios Karagounis CM 61 3 (2) 2005-2007
33%
415 Geovany Quenda RW 44 2 (6) 2024-2025
33%
240 Gilberto RB 84 5 (8) 2020-2023
33%
968 Gonçalo Esteves RB 5 0 (0) 2021-2022
33%
399 Gorby CM 47 2 (0) 2021-2022, 2024-2025
33%
638 Helton Leite GK 21 0 (0) 2020-2022
33%
181 Hidemasa Morita CM 104 10 (11) 2022-2025
33%
105 Hulk ST 140 65 (55) 2008-2013
33%
451 Idalécio CB 38 1 (0) 2000-2002
33%
536 Ismaël Gharbi LW 30 4 (4) 2024-2025
33%
201 Iuri Medeiros RW 96 24 (21) 2017-2018, 2020-2023
33%
410 Jaime Júnior AM 45 6 (3) 2004-2006
33%
654 Jan Oblak GK 20 0 (0) 2013-2014
33%
211 Javier Saviola CF 92 29 (23) 2009-2012
33%
1112 João Cancelo RB 1 0 (0) 2013-2014
33%
239 João Novais CM 84 3 (7) 2018-2021
33%
1064 João Virgínia GK 2 0 (0) 2021-2022
33%
572 Joãozinho LB 26 0 (2) 2012-2014
33%
1144 Jordão CM 1 0 (0) 2000-2001
33%
1122 Jorge Vidigal RB 1 0 (0) 2001-2002
33%
234 Jovane Cabral LW 86 16 (13) 2018-2023
33%
428 Kerem Aktürkoğlu LW 42 15 (12) 2024-2025
33%
484 Kléber ST 34 10 (2) 2011-2013
33%
700 Laurent Robert LW 17 2 (2) 2005-2006
33%
378 Lazar Markovic RW 50 7 (5) 2013-2014, 2016-2017
33%
151 Léo LB 114 2 (7) 2005-2009
33%
1075 Léo Fortunato CB 2 0 (0) 2010-2011
33%
1177 Lucas Anjos ST 1 0 (0) 2024-2025
33%
1068 Lucas Cunha CB 2 0 (0) 2019-2020
33%
466 Lucas Piazón AM 36 4 (4) 2020-2022
33%
82 Luís Filipe RB 154 4 (8) 2000-2003, 2005-2007, 2009-2011
33%
730 Mamadou Loum DM 15 1 (0) 2018-2021
33%
778 Manú RW 12 0 (2) 2006-2007
33%
418 Marafona GK 44 0 (0) 2015-2017
33%
123 Marat Izmailov AM 127 15 (18) 2007-2014
33%
627 Marcel ST 22 2 (0) 2005-2007
33%
166 Marco Caneira CB 109 2 (0) 2001-2002, 2005-2006, 2008-2010
33%
371 Marcos Rojo CB 53 5 (1) 2012-2014
33%
1170 Mário Felgueiras GK 1 0 (0) 2008-2009
33%
260 Mauro DM 79 0 (6) 2012-2017
33%
793 Mawete Júnior ST 12 2 (0) 2001-2002
33%
694 Miguelito LB 17 0 (1) 2006-2008
33%
118 Miguel Veloso DM 130 8 (12) 2006-2010
33%
491 Miguel Vítor CB 34 0 (2) 2007-2009, 2011-2013
33%
125 Moatasem Al-Musrati DM 126 12 (7) 2020-2024
33%
341 Morato CB 57 2 (1) 2020-2025
33%
272 Morten Hjulmand DM 77 5 (4) 2023-2025
33%
922 Mota ST 6 0 (0) 2004-2005
33%
975 Mozer DM 4 0 (0) 2000-2001
33%
575 Nabil Ghilas ST 26 3 (4) 2013-2014
33%
137 Nem CB 118 1 (0) 2003-2007
33%
186 Nikola Vukcevic DM 101 5 (7) 2013-2014, 2015-2018
33%
406 Nolito LW 46 12 (8) 2011-2013
33%
268 Nuno Valente LB 78 0 (10) 2002-2005
33%
1109 Nuno Valente CM 1 0 (0) 2013-2014
33%
923 Núrio Fortuna LB 6 0 (0) 2013-2015
33%
254 Orkun Kökçü CM 81 18 (15) 2023-2025
33%
208 Paulo Assunção DM 92 0 (5) 2005-2008
33%
158 Paulo Bento DM 111 3 (6) 2000-2004
33%
629 Paulo Bernardo CM 22 0 (0) 2021-2022
33%
1143 Paulo Monteiro CB 1 0 (0) 2005-2006
33%
850 Pedro Amador LB 9 0 (0) 2019-2020
33%
87 Pedro Emanuel CB 151 1 (5) 2002-2005, 2007-2009
33%
1066 Pedro Monteiro CB 2 0 (0) 2014-2016
33%
1141 Pedro Nuno CM 1 0 (0) 2001-2002
33%
412 Pedro Tiba CM 45 3 (2) 2014-2015, 2016-2017
33%
185 Pena ST 101 43 (5) 2000-2001, 2003-2004
33%
357 Petar Musa ST 55 14 (5) 2022-2024
33%
941 Rafael AM 5 0 (0) 2001-2002
33%
865 Rafael Bastos AM 8 0 (0) 2009-2010
33%
724 Ricardo Esteves RB 15 0 (0) 2000-2002
33%
444 Roberto GK 39 0 (0) 2010-2011
33%
597 Roberto Brum DM 24 0 (0) 2007-2008
33%
692 Robson Bambu CB 18 1 (0) 2024-2025
33%
205 Rodrigo Battaglia DM 94 3 (2) 2013-2014, 2016-2020
33%
667 Rodrigo Pinho ST 20 2 (0) 2015-2016, 2021-2023
33%
1046 Rogelio Funes Mori ST 2 0 (0) 2013-2014
33%
417 Roland Linz ST 44 16 (1) 2007-2009
33%
619 Rubens Júnior LB 22 0 (1) 2000-2002
33%
335 Rui Bento DM 58 1 (1) 2001-2004
33%
757 Samuel Dahl LB 14 0 (4) 2024-2025
33%
293 Secretário RB 69 1 (2) 2000-2004
33%
578 Serdar Saatçı CB 26 0 (2) 2022-2024
33%
238 Sikou Niakaté CB 85 6 (1) 2022-2025
33%
351 Sílvio RB 56 1 (5) 2010-2011, 2013-2016
33%
761 Silvio Maric AM 14 2 (0) 2000-2001
33%
275 Simon Banza ST 74 34 (9) 2022-2025
33%
184 Simon Vukcevic RW 102 18 (12) 2007-2011
33%
1073 Tomás Esteves RB 2 0 (0) 2019-2020
33%
405 Uros Racic DM 46 4 (1) 2022-2023, 2024-2025
33%
1186 Vasconcelos AM 1 0 (0) 2024-2025
33%
192 Vítor Tormena CB 100 2 (1) 2019-2023
33%
346 Wason Rentería ST 56 12 (12) 2006-2007, 2008-2010
33%
48 Wender LW 189 42 (23) 2002-2008
33%
443 Xadas AM 39 3 (4) 2016-2020
33%
805 Xeka CM 11 0 (1) 2016-2017
33%
325 Zé Nuno Azevedo RB 61 0 (0) 2000-2003
33%
394 Zé Roberto AM 47 16 (1) 2000-2003
33%
214 Zlatko Zahovic AM 90 18 (17) 2001-2005
33%
1179 Abraham Marcus RW 1 0 (0) 2022-2023
17%
324 Adriano ST 61 19 (7) 2005-2007, 2009-2010
17%
226 Ahmed Hassan ST 87 24 (9) 2015-2017, 2019-2020
17%
972 Ákos Buzsáky CM 4 0 (1) 2002-2003
17%
452 Alberto Acosta ST 38 14 (0) 2000-2001
17%
997 Alberto Bueno CF 4 0 (1) 2015-2016
17%
221 Alexander Bah RB 89 4 (13) 2022-2025
17%
688 Andrea Belotti ST 18 3 (1) 2024-2025
17%
266 André André CM 78 5 (11) 2015-2018
17%
490 André Leone CB 34 2 (0) 2008-2010
17%
303 Andrija Zivkovic RW 66 3 (12) 2016-2020
17%
1047 Aníbal Capela CB 2 0 (0) 2010-2011
17%
742 António Folha LW 14 1 (2) 2000-2001
17%
427 Axel Witsel CB 42 1 (4) 2011-2013
17%
904 Bernardo Folha CM 7 0 (0) 2022-2023
17%
656 Bino CM 20 1 (0) 2000-2001
17%
1049 Bruno CM 2 0 (0) 2002-2003
17%
314 Bruno Martins Indi CB 63 2 (0) 2014-2016
17%
1135 Bruno Paz CM 1 0 (0) 2018-2019
17%
674 Calado CM 20 0 (0) 2000-2001
17%
855 Carlos André DM 8 0 (0) 2002-2003
17%
1134 Carlos Fortes ST 1 0 (0) 2015-2016
17%
673 Carlos Marchena CB 20 2 (0) 2000-2001
17%
433 Carlos Vinícius ST 41 19 (8) 2019-2022
17%
264 Césinha CF 78 8 (2) 2004-2007
17%
727 Chico Geraldes AM 15 0 (0) 2016-2017, 2018-2020
17%
807 Chidozie Awaziem CB 11 0 (0) 2015-2016, 2018-2019
17%
582 Christian Atsu LW 25 1 (2) 2012-2013
17%
863 Cícero ST 8 1 (0) 2004-2005
17%
258 Clayton LW 79 15 (12) 2000-2004
17%
464 Conrad Harder ST 37 6 (5) 2024-2025
17%
253 Cristian Săpunaru CB 81 2 (3) 2008-2012
17%
388 Cristian Tello LW 48 9 (11) 2014-2016
17%
944 Cristian Uribe CM 5 0 (0) 2000-2001
17%
959 Daniel Candeias RW 5 0 (0) 2008-2009
17%
825 Daniel Osvaldo ST 10 1 (1) 2015-2016
17%
705 Dário Essugo DM 17 0 (0) 2020-2025
17%
1125 David Aires LB 1 0 (0) 2001-2002
17%
540 Davide RW 29 0 (1) 2005-2007
17%
281 David Neres RW 73 14 (20) 2022-2024
17%
714 David Suazo ST 16 5 (3) 2008-2009
17%
659 Derley ST 20 1 (3) 2014-2015
17%
131 Diego Capel LW 120 11 (22) 2011-2015
17%
519 Diego Reyes CB 31 2 (1) 2013-2014, 2017-2018
17%
914 Diogo DM 6 0 (0) 2001-2002
17%
637 Diogo Salomão RW 21 4 (2) 2010-2011, 2013-2014
17%
506 Djamal DM 32 0 (0) 2011-2013
17%
365 Djavan LB 53 0 (6) 2014-2017
17%
771 Dong-hyun Kim ST 13 1 (2) 2005-2006
17%
873 Douglas RB 8 0 (0) 2017-2018
17%
1081 Douglas CB 2 0 (0) 2016-2017
17%
1129 Douglas Coutinho ST 1 0 (0) 2016-2017
17%
236 Edgaras Jankauskas ST 86 23 (6) 2001-2004
17%
1070 Edgar Bruno ST 2 0 (0) 2007-2008
17%
1102 Édson Rivera ST 1 0 (0) 2011-2012
17%
660 Eduardo Henrique DM 20 0 (0) 2019-2020
17%
228 Elderson LB 87 7 (2) 2010-2014
17%
283 Eliaquim Mangala CB 73 9 (2) 2011-2014
17%
401 Elias CM 47 3 (4) 2011-2012, 2016-2017
17%
1119 Elias DM 1 0 (0) 2002-2003
17%
202 Eliseu LB 95 4 (7) 2014-2018
17%
896 Élton ST 7 0 (1) 2010-2011
17%
883 Érick Moreno ST 7 2 (0) 2013-2014
17%
315 Ernesto Farías ST 63 23 (10) 2007-2010
17%
553 Esquerdinha LB 28 5 (0) 2000-2001
17%
430 Evandro AM 42 2 (1) 2014-2017
17%
937 Facundo Ferreyra ST 6 1 (0) 2018-2019, 2020-2021
17%
1154 Fernando Alexandre DM 1 0 (0) 2009-2010
17%
218 Fernando Belluschi AM 89 6 (23) 2009-2012
17%
355 Ferro CB 55 4 (0) 2018-2021
17%
693 Filip Djuricic AM 18 1 (2) 2013-2014, 2015-2016
17%
442 Filipe Augusto DM 39 0 (1) 2015-2018
17%
1164 Francisco Meixedo GK 1 0 (0) 2021-2022
17%
206 Frechaut RB 93 4 (2) 2005-2009
17%
220 Fredy Guarín CM 89 16 (13) 2008-2012
17%
722 Giannelli Imbula DM 15 0 (1) 2015-2016
17%
718 Guilherme Schettine ST 16 0 (0) 2020-2021
17%
559 Guilherme Siqueira LB 28 1 (1) 2013-2014
17%
950 Guillermo Celis DM 5 0 (0) 2016-2017
17%
408 Hélder Cristóvão CB 45 2 (1) 2002-2004
17%
566 Henrique ST 27 2 (1) 2000-2001, 2002-2004
17%
441 Hernâni LW 39 3 (3) 2014-2015, 2017-2019
17%
934 Hernâni RW 6 0 (0) 2020-2021, 2022-2023
17%
257 Hugo CB 80 3 (2) 2000-2006
17%
1166 Hugo Henriques CB 1 0 (0) 2002-2003
17%
1050 Hugo Luz LB 2 0 (0) 2002-2003
17%
796 Hyun-jun Suk ST 11 1 (2) 2015-2016
17%
373 Ibson CM 52 2 (1) 2004-2007
17%
708 Ismaily LB 16 1 (4) 2012-2013
17%
461 Iván Jaime AM 37 3 (2) 2023-2025
17%
488 Jaílson ST 34 3 (3) 2007-2008
17%
770 Javier Balboa RW 13 0 (2) 2008-2009
17%
116 Jefferson LB 131 4 (33) 2013-2019
17%
701 João Coimbra AM 17 0 (0) 2005-2007
17%
868 João Gamboa DM 8 0 (0) 2014-2015, 2016-2017
17%
878 João Rego AM 8 0 (0) 2023-2025
17%
1086 João Victor CB 2 0 (0) 2023-2024
17%
1052 Joca DM 2 0 (0) 2001-2002
17%
606 Joel Campbell RW 23 3 (4) 2016-2017
17%
1093 Jonatás Noro CB 1 0 (0) 2024-2025
17%
110 Jorge Fucile RB 135 1 (7) 2006-2011, 2013-2014
17%
1096 Joris Kayembe LB 1 0 (0) 2013-2014
17%
550 José Antonio Reyes RW 29 5 (8) 2008-2009
17%
363 Juan Fernando Quintero AM 53 6 (9) 2013-2015
17%
605 Junya Tanaka ST 23 5 (2) 2014-2016
17%
1099 Kadú GK 1 0 (0) 2011-2012
17%
1160 Kadu CB 1 0 (0) 2013-2014
17%
669 Kaká CB 20 0 (0) 2010-2011
17%
695 Kelvin RW 17 3 (2) 2012-2014, 2016-2017
17%
1148 Kobamelo Kodisang RW 1 0 (0) 2021-2022
17%
989 Ladji Keita ST 4 1 (1) 2010-2011
17%
877 Laurent Depoitre ST 8 1 (1) 2016-2017
17%
437 Lazar Rosic CB 40 2 (0) 2016-2018
17%
817 Leandro LB 10 1 (0) 2004-2005
17%
469 Leandro Barreiro CM 36 3 (4) 2024-2025
17%
558 Lucas Mineiro DM 28 0 (1) 2021-2022
17%
961 Luisinho LB 5 1 (0) 2012-2013
17%
543 Luís Maximiano GK 29 0 (0) 2019-2021
17%
91 Maicon CB 149 12 (6) 2009-2016
17%
885 Majeed Waris CF 7 0 (0) 2017-2018
17%
749 Malang Sarr CB 14 0 (0) 2020-2021
17%
150 Mantorras ST 114 30 (7) 2001-2002, 2004-2009
17%
831 Marc Janko ST 10 4 (0) 2011-2012
17%
170 Marcos Acuña LB 108 7 (20) 2017-2020
17%
1172 Marius Mouandilmadji ST 1 1 (0) 2018-2019
17%
178 Marko Grujić DM 106 4 (3) 2020-2025
17%
97 Matheus Uribe DM 144 13 (5) 2019-2023
17%
728 Maxi Bevacqua ST 15 2 (1) 2005-2006
17%
862 Mihailo Ristic LB 8 1 (1) 2022-2024
17%
655 Miran ST 20 5 (0) 2001-2002
17%
725 Miran Pavlin AM 15 1 (0) 2000-2002
17%
784 Naby Sarr CB 12 1 (0) 2014-2015
17%
623 Naldo CB 22 0 (0) 2015-2016
17%
249 Nemanja Matic DM 82 8 (0) 2011-2014
17%
450 Nené DM 38 0 (2) 2002-2004
17%
690 Niklas Beste RW, LW 18 0 (2) 2024-2025
17%
284 Ola John LW 71 5 (13) 2012-2016
17%
1002 Osvaldo RW 4 0 (0) 2009-2010
17%
411 Pablo Contreras CB 45 3 (0) 2002-2003, 2007-2008
17%
479 Paulão CB 35 3 (0) 2009-2011
17%
764 Paulo Madeira CB 13 0 (0) 2000-2001
17%
392 Paulo Vinícius CB 48 5 (0) 2011-2014
17%
766 Pawel Kieszek GK 13 0 (0) 2007-2008, 2010-2011
17%
132 Pereirinha RW 120 4 (5) 2006-2009, 2011-2012
17%
525 Peter Schmeichel GK 31 0 (0) 2000-2001
17%
786 Przemyslaw Kazmierczak DM 12 0 (1) 2007-2008
17%
1153 Rafael Bracali GK 1 0 (0) 2011-2012
17%
512 Raphinha LW 32 7 (5) 2018-2020
17%
1167 Reinaldo CB 1 0 (0) 2002-2003
17%
803 Ricardo Rojas LB 11 0 (0) 2000-2001
17%
1117 Riechedly Bazoer CB 1 0 (0) 2018-2019
17%
811 Roderick Miranda CB 11 0 (0) 2009-2010, 2012-2013
17%
113 Rodrigo Tello LW 134 6 (14) 2000-2007
17%
487 Romário Baró CM 34 0 (1) 2019-2020, 2023-2024
17%
977 Sebá LW 4 0 (1) 2012-2013
17%
956 Sebastián Ribas ST 5 0 (0) 2011-2012
17%
898 Sereno CB 7 0 (0) 2010-2011
17%
352 Sergey Ovchinnikov GK 56 0 (0) 2000-2002
17%
1131 Shikabala RW 1 0 (0) 2013-2014
17%
555 Shoya Nakajima AM 28 0 (2) 2019-2021
17%
340 Sidnei CB 57 6 (2) 2008-2011
17%
658 Soualiho Meïté DM 20 0 (0) 2021-2022
17%
219 Steven Defour DM 89 4 (5) 2011-2014
17%
1162 Steven Vitória CB 1 0 (0) 2013-2014
17%
398 Tarik Sektioui RW 47 8 (5) 2006-2009
17%
563 Teófilo Gutiérrez ST 28 12 (1) 2015-2016
17%
600 Tiago Gouveia RW 24 3 (5) 2021-2022, 2023-2025
17%
497 Tiago Ilori CB 33 1 (0) 2011-2012, 2018-2020
17%
1060 Toni ST 2 0 (0) 2000-2001
17%
1105 Toni RB 1 0 (0) 2001-2002
17%
1056 Tozé AM 2 0 (0) 2012-2014
17%
845 Vinícius CM 9 0 (1) 2010-2012
17%
615 Walter ST 23 7 (1) 2010-2012
17%
317 Wendel CM 63 4 (8) 2017-2021
17%
196 Wilson Manafá RB 99 2 (5) 2018-2023
17%
481 Zeki Amdouni ST 35 8 (3) 2024-2025
17%
622 Zé Manuel RW 22 2 (2) 2007-2008
17%
1095 Zé Manuel RW 1 0 (0) 2008-2009
17%
791 Aarón Ñíguez RW 12 0 (1) 2015-2016
0%
571 Abdelsattar Sabry LW 26 3 (2) 2000-2001
0%
457 Abdoulay Diaby RW 37 4 (6) 2018-2020
0%
372 Abiodun Agunbiade RW 52 3 (3) 2000-2003
0%
190 Adel Taarabt CM 100 2 (10) 2018-2022
0%
1169 Adrian Bajrami CB 1 0 (0) 2024-2025
0%
1062 Aílton LB 2 0 (0) 2018-2019
0%
602 Airton DM 24 0 (0) 2009-2011
0%
514 Alan Kardec ST 32 5 (1) 2009-2010, 2012-2013
0%
1067 Alan Mahon LM 2 0 (0) 2000-2001
0%
585 Alberto Aquilani CM 25 4 (0) 2015-2016
0%
531 Alberto Zapater DM 30 2 (2) 2010-2011
0%
544 Alcides CB 29 0 (0) 2004-2007
0%
526 Alecsandro ST 31 8 (2) 2006-2007
0%
1128 Alef DM 1 0 (0) 2015-2016
0%
849 Alejandro Escalona LB 9 0 (0) 2000-2001
0%
852 Aleksandar Miljkovic CB 9 0 (1) 2013-2014
0%
648 Aly Cissokho CB 21 0 (2) 2008-2009, 2015-2016
0%
439 Amine El Ouazzani ST 40 8 (2) 2024-2025
0%
798 Amoreirinha CB 11 0 (0) 2004-2005
0%
374 Anders Andersson DM 51 1 (2) 2001-2004
0%
548 Andreas Schjelderup LW 29 1 (5) 2022-2023, 2024-2025
0%
1058 Andrej Lukic CB 2 0 (0) 2017-2018
0%
835 André Neles ST 9 1 (0) 2000-2001
0%
1104 André Vilas Boas DM 1 0 (0) 2003-2004
0%
740 Andrey Karyaka LW 14 3 (0) 2005-2007
0%
762 Andrija Delibasic ST 13 4 (0) 2004-2006
0%
797 Areias LB 11 0 (0) 2004-2005
0%
231 Argel Fuchs CB 86 6 (0) 2001-2005
0%
836 Arghus CB 9 0 (0) 2015-2016
0%
931 Ariza Makukula ST 6 1 (0) 2007-2008
0%
493 Azar Karadas ST 33 6 (3) 2004-2005
0%
735 Bakero LW 15 0 (2) 2001-2002
0%
530 Barata ST 30 15 (0) 2001-2002
0%
601 Benjamín Rollheiser RW 24 2 (1) 2023-2025
0%
976 Betinho ST 4 0 (0) 2012-2013
0%
970 Biel LW 5 0 (0) 2024-2025
0%
663 Bodunha RB 20 0 (0) 2002-2003
0%
1132 Branimir Kalaica CB 1 1 (0) 2016-2017
0%
1030 Breno CB 3 0 (0) 2007-2008
0%
1107 Bruno Caires DM 1 0 (0) 2000-2001
0%
920 Bruno Cortez LB 6 0 (0) 2013-2014
0%
925 Bruno Paulista DM 6 0 (0) 2015-2017
0%
1028 Caju LB 3 0 (0) 2019-2021
0%
507 Carlão ST 32 4 (4) 2011-2013
0%
382 Carlitos RW 49 5 (4) 2000-2004
0%
779 Carlitos LW 12 0 (1) 2004-2006
0%
776 Carlos Bossio GK 12 0 (0) 2000-2001, 2002-2004
0%
716 Carlos Bueno ST 16 5 (1) 2006-2007
0%
269 Carlos Mané LW 77 10 (14) 2013-2016, 2018-2019
0%
987 Carlos Marinelli AM 4 0 (0) 2005-2006
0%
345 Carlos Saleiro ST 56 5 (5) 2009-2011
0%
545 Casper Tengstedt ST 29 4 (5) 2022-2024
0%
895 Celsinho AM 7 0 (0) 2007-2008
0%
248 César Prates RB 82 1 (7) 2000-2003
0%
610 Chano AM 23 2 (1) 2000-2001
0%
1181 Chico Lamba CB 1 0 (0) 2022-2023
0%
1113 Chidi Osuchukwu CM 1 0 (0) 2013-2014
0%
482 Claudemir DM 35 2 (5) 2018-2020
0%
913 Cláudio Pitbull ST 6 0 (0) 2004-2005
0%
1116 Clésio Baúque RW 1 0 (0) 2015-2016
0%
721 Cote LB 16 0 (1) 2014-2016
0%
682 Crislan ST 19 3 (0) 2015-2017
0%
1053 Cristian Lema CB 2 0 (0) 2018-2019
0%
509 Cristiano Piccini CB 32 0 (3) 2017-2018
0%
744 Danijel Pranjic LB 14 0 (0) 2012-2013
0%
830 Dani Mallo GK 10 0 (0) 2006-2008
0%
1146 David Caiado AM 1 0 (0) 2005-2006
0%
848 David Jurásek LB 9 0 (0) 2023-2024
0%
561 Deivid ST 28 9 (5) 2005-2007
0%
790 Delfim DM 12 1 (0) 2000-2001
0%
1171 Denílson ST 1 0 (0) 2001-2002
0%
844 Diego Lainez RW 9 1 (2) 2022-2023
0%
712 Diego Rubio ST 16 1 (1) 2011-2013
0%
756 Diego Váleri AM 14 0 (2) 2009-2010
0%
813 Dimitrios Nalitzis ST 11 0 (1) 2001-2002
0%
1178 Diogo Prioste CM 1 0 (0) 2024-2025
0%
1185 Diogo Spencer RB 1 0 (0) 2023-2024
0%
702 Djalma RW 17 1 (1) 2011-2012
0%
1098 Dolly Menga ST 1 0 (0) 2014-2015
0%
777 Dominic Foley ST 12 1 (0) 2003-2004
0%
446 Douglão CB 39 5 (0) 2011-2013
0%
620 Edcarlos CB 22 0 (1) 2007-2008
0%
508 Éder Bonfim RB 32 0 (3) 2002-2004
0%
1038 Edimar LB 3 1 (0) 2008-2009
0%
459 Edmilson ST 37 12 (1) 2000-2002
0%
768 Edmílson RW 13 4 (0) 2000-2001
0%
424 Ednilson DM 42 0 (0) 2000-2003
0%
1103 Edson Canhão LB 1 0 (0) 2005-2006
0%
908 Eduardo Felicíssimo DM 6 0 (0) 2024-2025
0%
828 Emanuele Pesaresi LB 10 0 (0) 2001-2002
0%
858 Emiliano Velázquez CB 8 1 (0) 2016-2017
0%
1039 Emmanuel Imorou LB 3 0 (0) 2011-2012
0%
1022 Eri RW 3 0 (0) 2013-2014
0%
1035 Everson DM 3 0 (0) 2004-2005
0%
390 Ewerton CB 48 4 (0) 2011-2012, 2014-2016
0%
155 Ezequiel Garay CB 113 12 (0) 2011-2014
0%
434 Ezequiel Schelotto RM 40 0 (8) 2015-2017
0%
419 Fabián Rinaudo DM 44 0 (1) 2011-2014
0%
1057 Fabrice Fokobo DM 2 0 (0) 2012-2013
0%
348 Fabrizio Miccoli ST 56 19 (5) 2005-2007
0%
328 Facundo Quiroga CB 60 2 (1) 2001-2004
0%
930 Fatih Sonkaya RB 6 0 (0) 2005-2006
0%
804 Fede Cartabia RW 11 3 (2) 2016-2017
0%
826 Felipe Caicedo ST 10 0 (1) 2009-2010
0%
630 Felipe Menezes AM 22 0 (1) 2009-2011
0%
681 Filip Krovinovic DM 19 1 (1) 2017-2019
0%
954 Florent Sinama-Pongolle CF 5 1 (0) 2009-2010
0%
456 Franco Jara ST 38 8 (4) 2010-2011, 2014-2015
0%
897 Fran Mérida CM 7 1 (0) 2011-2012
0%
759 Freddy Adu AM 14 2 (0) 2007-2008
0%
311 Fredrik Söderström CM 64 3 (1) 2001-2002, 2003-2004
0%
167 Fredy Montero ST 109 38 (13) 2013-2015, 2017-2019
0%
633 Gabriel Bordi ST 22 2 (0) 2002-2003
0%
671 Gabriel Veron RW 20 0 (3) 2022-2023
0%
1150 Gelson ST 1 0 (0) 2016-2017
0%
539 Georgios Seitaridis RB 30 0 (1) 2004-2005
0%
149 Geovanni AM 115 18 (7) 2002-2006
0%
943 Geraldo CB 5 0 (0) 2000-2001
0%
891 Germán Conti CB 7 0 (0) 2018-2019
0%
839 Gerson Magrão LM 9 0 (0) 2013-2014
0%
833 Gianluca Prestianni RW 9 0 (0) 2023-2025
0%
527 Gilles Binya CB 31 0 (2) 2007-2009
0%
689 Gladstone CB 18 1 (0) 2007-2008
0%
842 Glauber DM 9 1 (0) 2002-2003
0%
957 Gonzalo Bergessio ST 5 0 (0) 2007-2008
0%
516 Gonzalo Plata RW 32 3 (3) 2019-2021
0%
710 Gustavo Manduca LW 16 1 (1) 2005-2006
0%
1133 Hans Jörg Butt GK 1 0 (0) 2007-2008
0%
1106 Hany Mukhtar AM 1 0 (0) 2014-2015
0%
528 Hassan Yebda CM 30 1 (1) 2008-2009
0%
1059 Hebert CB 2 0 (0) 2013-2014
0%
767 Héctor Bellerín RB 13 1 (0) 2022-2023
0%
1097 Héctor Quiñónes LB 1 0 (0) 2012-2013
0%
795 Héldon LW 12 1 (0) 2013-2015
0%
1027 Hélio Roque RW 3 0 (0) 2005-2006
0%
1041 Henrique Arreiol DM 3 0 (0) 2024-2025
0%
872 Hernán Barcos ST 8 0 (0) 2015-2016
0%
549 Hugo Ibarra RB 29 0 (3) 2001-2002
0%
1078 Hugo Ventura GK 2 0 (0) 2007-2009
0%
815 Hussein Yasser AM 10 1 (2) 2007-2008
0%
521 Ibón Arrieta ST 31 4 (2) 2002-2003
0%
429 Idrissa Doumbia DM 42 1 (1) 2018-2020
0%
621 Igor ST 22 4 (0) 2003-2004
0%
889 Irineu CB 7 0 (0) 2006-2007
0%
853 Issahaku Fatawu RW 9 0 (1) 2022-2023
0%
964 Issa Kaboré RB 5 0 (0) 2024-2025
0%
646 Ivan Dudic RB 21 0 (0) 2000-2001
0%
642 Ivanildo RW 21 0 (2) 2004-2006
0%
912 Iván Piris RB 6 0 (1) 2013-2014
0%
1043 Ivaylo Yordanov AM 2 0 (0) 2000-2001
0%
576 Jaime Valdés CM 26 5 (6) 2010-2011
0%
274 Jan Vertonghen CB 75 1 (2) 2020-2023
0%
546 Jeffrén RW 29 5 (1) 2011-2013
0%
737 Jesé LW 14 1 (0) 2019-2020
0%
935 Joan Capdevila LB 6 0 (0) 2011-2012
0%
910 Joan Román AM 6 1 (0) 2015-2016
0%
1045 John Brooks CB 2 0 (0) 2022-2023
0%
634 Jonathan Urretaviscaya RW 22 2 (2) 2008-2009, 2012-2013
0%
918 Jorge Brítez DM 6 0 (0) 2000-2001
0%
232 Jorginho AM 86 9 (14) 2005-2009
0%
1044 José Campaña CM 2 0 (0) 2014-2015
0%
819 José Luis Deus ST 10 1 (0) 2000-2001
0%
960 José Marsà CB 5 0 (0) 2021-2023
0%
520 Joseph Enakarhire CB 31 0 (0) 2004-2005
0%
967 Joseph Samson LW 5 0 (0) 2000-2002
0%
969 José Shaffer LB 5 0 (0) 2009-2010
0%
859 Josip Misic DM 8 0 (0) 2017-2019
0%
953 Jovan Kirovski RW 5 0 (0) 2000-2001
0%
940 Juan Bernat LB 5 0 (0) 2023-2024
0%
994 Juan Esnáider ST 4 0 (0) 2001-2002
0%
774 Julian Draxler LW 13 1 (0) 2022-2023
0%
204 Julian Weigl DM 94 4 (4) 2019-2023
0%
1017 Junior Benítez LW 3 0 (0) 2016-2017
0%
729 Karel Poborský RW 15 1 (0) 2000-2001
0%
996 Keaton Parks DM 4 0 (0) 2017-2018
0%
966 Keirrison ST 5 0 (0) 2009-2010
0%
677 Kenedy LB 19 0 (0) 2003-2005
0%
754 Khalid Boulahrouz CB 14 0 (0) 2012-2013
0%
946 Kiril Nikolov AM 5 0 (0) 2003-2004
0%
901 Koba Koindredi CM 7 0 (0) 2023-2024
0%
917 Koke ST 6 2 (0) 2005-2006
0%
823 Laszlo Sepsi LB 10 0 (2) 2007-2008
0%
929 Leandro Bonfim AM 6 0 (0) 2004-2005
0%
321 Leandro Grimi LB 62 2 (0) 2007-2011
0%
1006 Leandro Kappel RW 3 0 (0) 2013-2014
0%
224 Leandro Romagnoli AM 88 8 (13) 2005-2009
0%
1074 Leandro Sanca RW 2 0 (1) 2019-2020
0%
1071 Lenny RW 2 0 (0) 2007-2008
0%
965 Leonardo Buta LB 5 0 (0) 2021-2022
0%
747 Lino LB 14 1 (1) 2007-2009
0%
909 Lionel Carole LB 6 0 (0) 2010-2011
0%
474 Lorenzo Melgarejo LW 35 2 (5) 2012-2013
0%
1008 Loris Benito CB 3 0 (0) 2014-2015
0%
995 Lucas Mareque LB 4 0 (0) 2006-2007
0%
501 Lucas Veríssimo CB 33 5 (1) 2020-2023
0%
458 Luca Waldschmidt ST 37 10 (4) 2020-2022
0%
832 Luc Castaignos ST 10 0 (0) 2016-2017, 2018-2019
0%
486 Luciano Vietto ST 34 7 (5) 2019-2021
0%
1032 Luis Páez ST 3 0 (0) 2007-2008
0%
467 Luiz Phellype ST 36 16 (6) 2018-2020
0%
1020 Luka Jović ST 3 0 (0) 2015-2017
0%
866 Lumor Agbenyenu LB 8 0 (0) 2017-2019
0%
402 Maciel RW 46 5 (3) 2003-2004, 2006-2007
0%
1157 Mamede LW 1 0 (0) 2023-2024
0%
289 Manuel Ugarte DM 70 0 (3) 2021-2023
0%
818 Marcelo Boeck GK 10 0 (0) 2011-2012, 2014-2016
0%
1140 Marcelo Hermes LB 1 0 (0) 2016-2017
0%
821 Marcin Chmiest ST 10 0 (1) 2006-2007
0%
649 Marcos Leonardo ST 21 8 (1) 2023-2025
0%
647 Marco Torsiglieri CB 21 0 (0) 2010-2011
0%
591 Marco Vanzini DM 24 0 (0) 2003-2004
0%
1013 Marco Zoro CB 3 1 (0) 2007-2008
0%
312 Marek Cech LB 64 2 (5) 2005-2008
0%
924 Marian Had CB 6 0 (0) 2007-2008
0%
719 Mario Bolatti DM 16 0 (0) 2007-2008
0%
1139 Mario Cáceres ST 1 0 (0) 2000-2001
0%
286 Marius Niculae ST 71 18 (6) 2001-2005
0%
857 Marko Bakic CM 8 0 (0) 2016-2017
0%
1126 Martin Chrien ST 1 0 (0) 2017-2018
0%
472 Marvin Zeegelaar LB 36 0 (4) 2015-2017
0%
794 Mateo Tanlongo DM 12 0 (0) 2022-2023
0%
1120 Mattheus CM 1 0 (0) 2017-2018
0%
400 Maurício CB 47 1 (0) 2013-2015
0%
678 Maurício CB 19 1 (0) 2003-2004, 2006-2007
0%
577 Mauricio Pinilla ST 26 6 (0) 2004-2006
0%
958 Maximilian Haas CB 5 0 (1) 2012-2013
0%
616 Mbo Mpenza ST 23 0 (0) 2000-2001
0%
599 Mehdi Carcela-González RW 24 2 (6) 2015-2016
0%
861 Michael Curcija ST 8 1 (0) 2000-2002
0%
1009 Michel ST 3 0 (0) 2012-2013
0%
906 Miguel Ángel Angulo CF 7 0 (0) 2009-2010
0%
772 Miguel Falé RW 13 0 (2) 2021-2022
0%
1183 Miguel Menino CM 1 0 (0) 2023-2024
0%
696 Mikel Antía CB 17 1 (0) 2002-2003
0%
684 Milan Purovic ST 19 2 (1) 2007-2008
0%
748 Milan Stepanov CB 14 0 (0) 2007-2009
0%
841 Mile Svilar GK 9 0 (0) 2017-2021
0%
584 Miralem Sulejmani LM 25 1 (5) 2013-2015
0%
1151 Momo Mbaye GK 1 0 (0) 2019-2020
0%
598 Moretto GK 24 0 (0) 2005-2007
0%
782 Nabil Baha ST 12 1 (0) 2004-2005
0%
973 Narcisse AM 4 0 (0) 2003-2004
0%
829 Nazinho LB 10 0 (0) 2021-2023
0%
900 Nelson Benítez LB 7 0 (0) 2008-2009
0%
518 Nemanja Gudelj DM 32 1 (1) 2018-2019
0%
890 Nemanja Radonjić LW 7 0 (0) 2021-2022
0%
945 Nicolás Castillo ST 5 0 (0) 2018-2019
0%
1110 Nii Plange LW 1 0 (0) 2012-2013
0%
294 Nikola Stojiljkovic ST 68 20 (4) 2015-2018
0%
675 Nordin Wooter RW 19 0 (1) 2003-2004
0%
851 Nozomi Hiroyama LW 9 0 (0) 2002-2003
0%
287 Nuno Assis AM 70 4 (0) 2004-2008
0%
360 Odair CB 54 2 (0) 2000-2003
0%
618 Oguchi Onyewu CB 22 4 (0) 2011-2012
0%
1026 Olberdam CM 3 0 (0) 2009-2010
0%
496 Paíto LB 33 0 (1) 2003-2007
0%
1040 Palmeira CB 3 0 (0) 2011-2013
0%
595 Pavel Horvath CM 24 1 (0) 2000-2002
0%
613 Pedrinho RW 23 0 (0) 2020-2021
0%
999 Pelé CM 4 0 (0) 2008-2009
0%
1025 Pepa ST 3 0 (0) 2001-2002
0%
421 Phil Babb CB 43 1 (1) 2000-2002
0%
1031 Philco ST 3 0 (0) 2007-2008
0%
510 Pierre van Hooijdonk ST 32 22 (1) 2000-2001
0%
984 Piqueti RW 4 1 (0) 2013-2014
0%
557 Pontus Farnerud CM 28 0 (0) 2006-2008
0%
979 Porfírio LW 4 0 (0) 2001-2002
0%
888 Puma DM 7 0 (0) 2001-2002
0%
919 Quim Berto RB 6 0 (0) 2000-2001
0%
1076 Rabiola ST 2 0 (0) 2008-2009
0%
588 Radosav Petrovic CB 25 0 (0) 2016-2019
0%
893 Rafael Assis DM 7 0 (0) 2016-2017
0%
612 Rafael Camacho RW 23 0 (1) 2019-2020
0%
1189 Rafael Pontelo CB 1 0 (0) 2023-2024
0%
1069 Rafik Guitane RW 2 0 (0) 2024-2025
0%
470 Ramires CM 36 4 (6) 2009-2010
0%
773 Raul Rusescu ST 13 5 (0) 2013-2014
0%
787 Ricardo Ryller DM 12 0 (0) 2017-2019
0%
366 Robert Enke GK 53 0 (0) 2000-2002
0%
799 Robert Spehar ST 11 5 (1) 2000-2002
0%
698 Rochinha LW 17 1 (2) 2022-2023
0%
988 Rodrigão DM 4 0 (0) 2000-2001
0%
1036 Rodrigo Aniceto LB 3 0 (0) 2000-2001
0%
587 Rodrigo Fabri AM 25 3 (2) 2000-2001
0%
683 Rodrigo Tiuí ST 19 1 (4) 2007-2009
0%
449 Roger Flores AM 38 6 (4) 2000-2001, 2002-2004
0%
359 Rogério RB 54 5 (1) 2004-2006
0%
475 Roman Yaremchuk ST 35 9 (3) 2021-2023
0%
854 Romeu ST 8 0 (1) 2000-2001
0%
413 Ronny AM 45 1 (9) 2006-2009
0%
636 Rossato LB 21 0 (2) 2005-2006
0%
323 Roudolphe Douala LW 61 9 (4) 2004-2006
0%
971 Rúben Furtado RW 4 0 (0) 2024-2025
0%
763 Rui Baião AM 13 1 (1) 2000-2002
0%
926 Rui Nereu GK 6 0 (0) 2005-2006
0%
1055 Ryan Gauld AM 2 0 (0) 2014-2015
0%
876 Sami LW 8 1 (0) 2014-2015
0%
992 Samson LW 4 0 (0) 2002-2003
0%
448 Samu Aghehowa ST 39 25 (3) 2024-2025
0%
1100 Santamaria CB 1 0 (0) 2003-2004
0%
884 Santiago Arias RB 7 0 (1) 2011-2013
0%
1158 Schürrle AM 1 0 (0) 2021-2022
0%
938 Sébastien Corchia RB 5 0 (0) 2018-2019
0%
856 Sergiy Kandaurov CM 8 0 (0) 2000-2001
0%
1188 Severini ST 1 0 (0) 2001-2002
0%
672 Seydou Doumbia ST 20 2 (1) 2017-2018
0%
847 Sotiris Alexandropoulos CM 9 0 (0) 2022-2023
0%
551 Stanislav Kritsyuk GK 29 0 (0) 2014-2016
0%
300 Stefan Ristovski RB 66 0 (7) 2017-2020
0%
881 Stian Ringstad LB 7 0 (0) 2015-2016
0%
362 Stijn Schaars DM 54 3 (10) 2011-2013
0%
816 Tailson ST 10 1 (0) 2002-2003
0%
505 Takis Fyssas LB 33 0 (0) 2003-2005
0%
313 Talisca AM 64 15 (2) 2014-2016
0%
625 Telmo LB 22 0 (0) 2002-2003
0%
948 Théodore Zué Nguéma MF 5 0 (0) 2000-2001
0%
1193 Thiago Helguera DM 1 0 (0) 2024-2025
0%
1080 Timo Hildebrand GK 2 0 (0) 2010-2011
0%
593 Tinga CM 24 1 (0) 2003-2005
0%
426 Tito LB 42 1 (2) 2001-2003
0%
1147 Tomané ST 1 0 (0) 2005-2006
0%
838 Tomas Dabo RB 9 0 (0) 2013-2014
0%
285 Tomislav Sokota ST 71 22 (9) 2001-2007
0%
1118 Tommaso Berni GK 1 0 (0) 2011-2012
0%
302 Toñito AM 66 11 (4) 2000-2001, 2002-2004
0%
980 Toy ST 4 0 (0) 2000-2001
0%
1021 Uche Agbo DM 3 0 (0) 2019-2020
0%
741 Uri Rosell DM 14 0 (1) 2014-2015
0%
594 Valentino Lazaro RM 24 0 (2) 2021-2022
0%
752 Valentin Rosier RB 14 0 (0) 2019-2020
0%
624 Valentín Viola LW 22 2 (1) 2012-2013
0%
788 Valeri Bozhinov ST 12 3 (0) 2011-2012
0%
329 Victor Lindelöf CB 60 2 (0) 2013-2014, 2015-2017
0%
707 Vincent Sasso CB 16 0 (3) 2012-2015
0%
586 Vitaliy Kutuzov ST 25 4 (0) 2002-2003
0%
928 Vladan Kovačević GK 6 0 (0) 2024-2025
0%
806 Vladimir Stojkovic GK 11 0 (0) 2007-2008
0%
802 Wallace CB 11 0 (0) 2019-2020
0%
1127 Wallyson DM 1 0 (0) 2014-2015
0%
668 Weldon ST 20 5 (0) 2009-2011
0%
993 Wellington CB 4 0 (0) 2005-2006
0%
233 Wendell LB 86 6 (5) 2021-2025
0%
473 Xandão CB 35 2 (0) 2011-2013
0%
652 Yannick Bolasie LW 21 2 (5) 2019-2020
0%
1000 Yazalde ST 4 0 (0) 2009-2010, 2013-2014
0%
1145 Yordan Osorio CB 1 0 (0) 2017-2018
0%
590 Zakaria Labyad AM 24 3 (3) 2012-2013
0%
939 Zezinho CM 5 0 (0) 2012-2013
0%
387 Zouhair Feddal CB 48 2 (4) 2020-2022
0%
No matching quizzes found
Score Distribution
Percent of People with Each Score
Percentile by Number Answered
Your Score History
You have not taken this quiz